Educación superior y reformas comparadas

I tiakina i:
Ngā taipitopito rārangi puna kōrero
Kaituhi matua: Krotsch, Pedro (Author)
Hōputu: Pukapuka
Reo:Pāniora
I whakaputaina: Buenos Aires Universidad Nacional de Quilmes 2001
Putanga:1a. ed
Rangatū:Cuadernos Universitarios, 6
Ngā marau:
Ngā Tūtohu: Tāpirihia he Tūtohu
Kāore He Tūtohu, Me noho koe te mea tuatahi ki te tūtohu i tēnei pūkete!

MARC

LEADER 00000nam a2200000 a 4500
001 UCI0426
003 CL-VaPUC
008 070511e20010000AG |||||||||||||||||spa|d
020 |a 9879173546 
082 0 4 |a 378.199  |b KRO  |2 21 
100 0 |a Krotsch, Pedro  |e author  |9 520546 
245 1 0 |a Educación superior y reformas comparadas 
250 |a 1a. ed 
300 |a 196 p 
942 |c BK 
945 |d 20070511 00:00:00  |a cmena 
260 |a Buenos Aires  |b Universidad Nacional de Quilmes  |c 2001 
650 0 |a Educación superior   |9 223851 
650 0 |a Universidades  |9 256317 
650 0 |a Planificación del currículo  |9 269599 
650 0 |a Reforma educacional   |9 256319 
583 |a last modification  |c 20130305 10:32:51  |k Rodrigo Vera 
490 0 |a Cuadernos Universitarios, 6 
999 |c 325588  |d 325586 
952 |0 0  |1 0  |4 0  |6 378_199000000000000_KRO_2001  |7 0  |8 A  |9 406587  |a BIBEDU  |b BIBEDU  |d 2019-11-22  |i 4223918  |l 2  |m 1  |o 378.199 KRO 2001  |p 4223918  |r 2023-12-20  |s 2023-12-20  |w 2019-11-22  |y BK  |k EDU